Comarca del jazmín

Պահպանված է:
Մատենագիտական մանրամասներ
Հիմնական հեղինակներ: Castro, Oscar (Հեղինակ), Valenzuela Donoso, Guillermo (Հեղինակ), Drago, Gonzalo (Հեղինակ), Donoso, Juan (Հեղինակ)
Ձևաչափ: Գիրք
Լեզու:իսպաներեն
Հրապարակվել է: Santiago Cultura 1945
Շարք:Colección la Honda, 5
Խորագրեր:
Ցուցիչներ: Ավելացրեք ցուցիչ
Չկան պիտակներ, Եղեք առաջինը, ով նշում է այս գրառումը!

MARC

LEADER 00000nam a2200000 a 4500
001 UCT4201
003 CL-VaPUC
008 961108e19450000CL |||||||||||||||||spa|d
082 0 4 |a Ch863  |b CAS  |2 21 
100 0 |a Castro, Oscar  |e author  |9 330530 
700 0 |a Valenzuela Donoso, Guillermo  |e author  |9 373384 
700 0 |a Drago, Gonzalo  |e author  |9 373385 
700 0 |a Donoso, Juan  |e author  |9 373386 
245 1 0 |a Comarca del jazmín 
246 1 0 |a Por el ancho camino del mar 
246 1 4 |a Una casa junto al rio 
246 1 0 |a Tierra en celo 
300 |a 73 p 
942 |c BK 
945 |d 19961108 00:00:00  |a rleighto 
260 |a Santiago  |b Cultura  |c 1945 
650 0 |a Cuentos chilenos   |9 308280 
583 |a last modification  |c 19961108 00:00:00  |k Rodrigo Vera 
490 0 |a Colección la Honda, 5 
999 |c 253613  |d 253611 
952 |0 0  |1 0  |4 0  |6 CH_863_000000000000000_CAS_1945  |7 0  |8 A  |9 274562  |a BIBEDU  |b BIBEDU  |d 2019-11-19  |i 3248372  |o Ch863 CAS 1945  |p 3248372  |r 2019-11-19  |w 2019-11-19  |y BK  |k LIT